Datum a čas kvízu
29
Celkem bodů
Celkový počet nahraných bodů na tomto kvízu bez doplňovacích otázek.
8.
Pořadí na kvízu
Konečné umístění týmu na tomto kvízu.
Zaznamenané odpovědi
| # | Otázka | Odpověď | Body | Výsledky |
|---|---|---|---|---|
| 1. | Velmi netradiční problém musel... | bobr | 0 | |
| 2. | V pondělí večer došlo k úplném... | přes Severní Ameriku | 1 | |
| 3. | Rozhořčení občané jednoho měst... | v Táboře | 0 | |
| 4. | Patříte-li mezi zákazníky inte... | fialová | 0 | |
| 5. | V prvním přípravném zápase pře... | Německo, David Tomášek | 0.5 | |
| 6. | V pěti otázkách tohoto tématu... | fyziologický roztok | 1 | |
| 7. | Jaká je denní dávka kuchyňské... | B | 1 | |
| 8. | Po kterém vzácném minerálu se... | po diamantu | 0 | |
| 9. | Nejen lidé, ale i zvířata potř... | liz | 1 | |
| 10. | Jeden z nejznámějších a nejsta... | D) Wieliczka | 1 |